Statistics for Every Name Said In Hamilton

Click here to take the quiz!

General Stats

  • This quiz has been taken 44 times
    (43 since last reset)
  • The average score is 20 of 48

Answer Stats

No. Of TimesAnswer% Correct
124Alexander Hamilton
100%
68Aaron Burr
93%
36Elizabeth Schuyler Hamilton
93%
47George Washington
93%
50Thomas Jefferson
90%
37Angelica Schuyler Church
86%
4Hercules Mulligan
86%
7Margarita Schuyler Van Rensselaer (Peggy Schuyler)
86%
14Marie-Joseph Paul Yves Roch Gilbert du Motier de Lafayette
86%
8Philip Hamilton
86%
3Philip John Schuyler
86%
1Martha Dandridge Washington
83%
7John Laurens
79%
8James Reynolds
76%
13James Madison
72%
6King George William Frederick III
72%
1Maria Lewis Reynolds
72%
1Samuel Adams
69%
12John Adams
66%
10Charles Lee
55%
1Samuel Seabury
45%
2Theodosia Bartow Prevost
45%
1Theodosia Burr Alston
45%
5George Eacker
34%
1Benjamin Franklin
24%
1Macbeth
14%
1Macduff
14%
2Thomas Paine
14%
1William P. Van Ness
14%
1Banquo
10%
1Henry Knox
10%
1King Louis XVI
10%
1Levi Weeks
10%
1Elizabeth Griscom Ross (Betsy Ross)
7%
2John Jay
7%
1Nathaniel Pendleton
7%
1Sarah Hemings (Sally)
7%
2Hugh Mercer, Jr
3%
3Jean-Baptist Donatien de Vimeur, comte de Rochambeau
3%
1Nathanael Greene
3%
1Richard Howe
3%
1Richard Montgomery
3%
1Thomas Conway
3%
15God
0%
3Jesus
0%
2Lancelot du Lac
0%
1Moses
0%
1Socrates
0%

Score Distribution

Percentile by Number Answered

Percent of People with Each Score

Your Score History

You have not taken this quiz since the last reset